00597 2200217 4500001002100000005001700021008004100038035002600079245003000105100003000135710002200165250000600187260004900193300002300242020002200265082000800287084001100295520001400306650004100320990001800361INLIS00000000000276020191230004642.0191230| ||| | ind  a 0010-12190000000276000cProf.Dr. Tjutju Yuniarsih0 aProf.Dr. Tjutju Yuniarsih0 aDr. Suwanto, M.Si a3 aAlfabeta : BandungbAlfabeta : Bandungc2011 a226 hlm ;c226 hlm a978-979-8433-98-60 a600 a658,31 aAPBD 2014 0aManajemen Sumber Daya Manusia 658.31 aB201702096570